[Event "DEN-ch Blitz"]
[Site "Snekkersten"]
[Date "2024.09.01"]
[Round "8"]
[White "Larsen, Karsten"]
[Black "Le Besq, Alexander"]
[Result "0-1"]
[WhiteElo "2188"]
[BlackElo "2229"]
[PlyCount "132"]
[EventDate "2024.09.01"]
[EventType "swiss (blitz)"]
[EventRounds "13"]
[EventCountry "DEN"]
[SourceTitle "CBM 221 Extra"]
[Source "ChessBase"]
[SourceDate "2024.09.30"]
[SourceVersion "1"]
[SourceVersionDate "2024.09.30"]
[SourceQuality "1"]

1. e4 e5 2. Nf3 Nc6 3. Bb5 a6 4. Ba4 Nf6 5. Qe2 b5 6. Bb3 Bc5 7. c3 Bb6 8. d3 0-0 9. Bg5 d6 10. Nbd2 Bb7 11. Nf1 a5 12. Ne3 Ne7 13. Bxf6 gxf6 14. Nh4 a4 15. Bc2 Bc8 16. Qh5 Bxe3 17. fxe3 Ng6 18. 0-0 Ra6 19. Rf2 d5 20. exd5 Qxd5 21. d4 Rd8 22. a3 exd4 23. Qxd5 Rxd5 24. Nxg6 fxg6 25. exd4 Kg7 26. Re1 Re6 27. Rfe2 Rdd6 28. Kf2 f5 29. Re5 c6 30. Bb1 Rxe5 31. Rxe5 Re6 32. Rc5 Bd7 33. Ba2 Rd6 34. Re5 Kf6 35. Ke3 Be6 36. Bb1 Bd5 37. g3 Rd8 38. Kf2 h5 39. h4 Rc8 40. Ke3 Rd8 41. Kf4 Rg8 42. Bd3 Rb8 43. Bf1 Rd8 44. Be2 Rd6 45. Bd3 Rd8 46. Be2 Rc8 47. Bf3 Bxf3 48. Kxf3 Rc7 49. Kf4 Rd7 50. Rc5 Rd6 51. d5 cxd5 52. Rxb5 d4 53. cxd4 Rxd4+ 54. Ke3 Rg4 55. Kf3 Ke6 56. Rb4 Rxb4 57. axb4 Kd5 58. Kf4 Kc4 59. Kg5 Kxb4 60. Kxg6 Kb3 61. Kxf5 Kxb2 62. g4 a3 63. gxh5 a2 64. h6 a1Q 65. h7 Kb3 66. Kg6 Qh8 0-1

[Event "DEN-ch Blitz"]
[Site "Snekkersten"]
[Date "2024.09.01"]
[Round "11"]
[White "Simonsen, Jesper"]
[Black "Larsen, Karsten"]
[Result "0-1"]
[WhiteElo "2113"]
[BlackElo "2188"]
[PlyCount "58"]
[EventDate "2024.09.01"]
[EventType "swiss (blitz)"]
[EventRounds "13"]
[EventCountry "DEN"]
[SourceTitle "CBM 221 Extra"]
[Source "ChessBase"]
[SourceDate "2024.09.30"]
[SourceVersion "1"]
[SourceVersionDate "2024.09.30"]
[SourceQuality "1"]

1. d4 d5 2. Nf3 Nf6 3. Bf4 e6 4. e3 Be7 5. c3 Nh5 6. Nbd2 Nxf4 7. exf4 c5 8. Bd3 Nc6 9. 0-0 cxd4 10. Nxd4 Nxd4 11. cxd4 0-0 12. Qf3 Qb6 13. Nb3 Bf6 14. Rad1 a5 15. Qe3 Bd7 16. Nc5 Bb5 17. Bxb5 Qxb5 18. b3 b6 19. Na4 Rfc8 20. Rc1 Qb4 21. Rfd1 Rxc1 22. Rxc1 Bxd4 23. Qd3 Bc5 24. g3 g6 25. h4 h5 26. a3 Qxa3 27. Qc2 Rc8 28. Nxb6 Qxc1+ 29. Qxc1 Bxf2+ 0-1

[Event "DEN-ch Rapid"]
[Site "Snekkersten"]
[Date "2024.08.31"]
[Round "1"]
[White "Bjerre, Tavs"]
[Black "Larsen, Karsten"]
[Result "0-1"]
[WhiteElo "1986"]
[BlackElo "2188"]
[PlyCount "63"]
[EventDate "2024.08.31"]
[EventType "swiss (rapid)"]
[EventRounds "9"]
[EventCountry "DEN"]
[SourceTitle "CBM 221 Extra"]
[Source "ChessBase"]
[SourceDate "2024.09.30"]
[SourceVersion "1"]
[SourceVersionDate "2024.09.30"]
[SourceQuality "1"]

1. d4 d5 2. c4 e6 3. Nc3 Bb4 4. e3 Nf6 5. Bd3 c5 6. Nf3 0-0 7. 0-0 Nc6 8. a3 Bxc3 9. bxc3 dxc4 10. Bxc4 Qc7 11. Qe2 e5 12. h3 Bf5 13. Bb2 b6 14. Rfd1 Rad8 15. Bb5 e4 16. Nd2 Ne7 17. c4 Ng6 18. g4 Bc8 19. g5 Ne8 20. Nxe4 Bxh3 21. dxc5 bxc5 22. Qh5 Bf5 23. Ng3 Bc8 24. Rxd8 Qxd8 25. Rd1 Qe7 26. Ba4 Nd6 27. Qe2 Ne4 28. Rd5 Nxg3 29. fxg3 Be6 30. Rd1 Qxg5 31. Kh2 Bg4 32. Be8 0-1

[Event "DEN-ch Rapid"]
[Site "Snekkersten"]
[Date "2024.08.31"]
[Round "7"]
[White "Pedersen, Gunnar"]
[Black "Larsen, Karsten"]
[Result "0-1"]
[WhiteElo "2195"]
[BlackElo "2188"]
[PlyCount "70"]
[EventDate "2024.08.31"]
[EventType "swiss (rapid)"]
[EventRounds "9"]
[EventCountry "DEN"]
[SourceTitle "CBM 221 Extra"]
[Source "ChessBase"]
[SourceDate "2024.09.30"]
[SourceVersion "1"]
[SourceVersionDate "2024.09.30"]
[SourceQuality "1"]

1. e4 e5 2. d4 exd4 3. Qxd4 Nc6 4. Qd3 Nf6 5. Nc3 Bb4 6. Bd2 0-0 7. 0-0-0 Re8 8. f3 d6 9. Bg5 Be6 10. Kb1 Bxc3 11. Qxc3 Nxe4 12. fxe4 Qxg5 13. Nf3 Qa5 14. Qxa5 Nxa5 15. e5 d5 16. Bb5 c6 17. Bd3 c5 18. c3 Nc6 19. Bb5 Rac8 20. Rhe1 Red8 21. Bd3 h6 22. h3 Re8 23. Re2 Re7 24. Rde1 a6 25. g4 b5 26. Bf5 Rb8 27. h4 b4 28. cxb4 Rxb4 29. Rc1 Rb5 30. Rd1 Reb7 31. Rc1 Ra5 32. Rd2 Rb4 33. Bxe6 fxe6 34. g5 Rf4 35. Rf1 Nxe5 0-1

[Event "DEN-ch Blitz op"]
[Site "Avedore"]
[Date "2023.05.14"]
[Round "10"]
[White "Larsen, Karsten"]
[Black "Hoi, Carsten"]
[Result "0-1"]
[WhiteElo "2208"]
[BlackElo "2323"]
[PlyCount "38"]
[EventDate "2023.05.14"]
[EventType "swiss (blitz)"]
[EventRounds "13"]
[EventCountry "DEN"]
[SourceTitle "CBM 214 Extra"]
[Source "ChessBase"]
[SourceDate "2023.07.31"]
[SourceVersion "1"]
[SourceVersionDate "2023.07.31"]
[SourceQuality "1"]

1. e4 g6 2. d4 Bg7 3. Nc3 d6 4. h4 h5 5. Bc4 c6 6. Be3 Nf6 7. Bb3 b5 8. f3 a5 9. a4 b4 10. Nce2 0-0 11. Qd2 Nbd7 12. Nh3 Qc7 13. Nef4 e6 14. Ng5 d5 15. e5 Nh7 16. g4 c5 17. dxc5 Qxe5 18. Nxh7 Kxh7 19. gxh5 d4 0-1

[Event "DEN-ch Blitz op"]
[Site "Avedore"]
[Date "2023.05.14"]
[Round "5"]
[White "Lauridsen, Jesper Morch"]
[Black "Larsen, Karsten"]
[Result "1-0"]
[WhiteElo "2304"]
[BlackElo "2208"]
[PlyCount "53"]
[EventDate "2023.05.14"]
[EventType "swiss (blitz)"]
[EventRounds "13"]
[EventCountry "DEN"]
[SourceTitle "CBM 214 Extra"]
[Source "ChessBase"]
[SourceDate "2023.07.31"]
[SourceVersion "1"]
[SourceVersionDate "2023.07.31"]
[SourceQuality "1"]

1. e4 e5 2. Nf3 Nc6 3. d4 exd4 4. Bc4 Nf6 5. 0-0 Be7 6. Nxd4 Nxd4 7. Qxd4 d6 8. Nc3 0-0 9. Bg5 Re8 10. Rad1 Nd7 11. Bxe7 Qxe7 12. Nd5 Qd8 13. Rd3 Ne5 14. Rg3 Be6 15. f4 Bxd5 16. fxe5 dxe5 17. Qxd5 Qxd5 18. Bxd5 Re7 19. Bxb7 Rb8 20. Bd5 Kf8 21. Rgf3 f6 22. Rb3 Rb6 23. Rxb6 axb6 24. Kf2 Rd7 25. Ke3 Ke7 26. c3 Rd8 27. Rd1 1-0

[Event "DEN-ch Blitz op"]
[Site "Avedore"]
[Date "2023.05.14"]
[Round "2"]
[White "Olsen, Filip Boe"]
[Black "Larsen, Karsten"]
[Result "0-1"]
[WhiteElo "2424"]
[BlackElo "2208"]
[PlyCount "112"]
[EventDate "2023.05.14"]
[EventType "swiss (blitz)"]
[EventRounds "13"]
[EventCountry "DEN"]
[SourceTitle "CBM 214 Extra"]
[Source "ChessBase"]
[SourceDate "2023.07.31"]
[SourceVersion "1"]
[SourceVersionDate "2023.07.31"]
[SourceQuality "1"]

1. d4 d5 2. Nf3 Nf6 3. Bf4 g6 4. e3 Bg7 5. h3 0-0 6. Nbd2 b6 7. Bd3 Bb7 8. 0-0 c5 9. c3 Nc6 10. a4 Nd7 11. Qe2 e5 12. dxe5 Ndxe5 13. Bb5 a6 14. Bxc6 Nxc6 15. Rfd1 Qe7 16. Nb3 Rad8 17. Bg5 f6 18. Bf4 Rfe8 19. Qf1 Ne5 20. Nxe5 fxe5 21. Bg3 c4 22. Nd2 e4 23. Nb1 Rf8 24. Na3 g5 25. Qe2 Qf7 26. Nc2 h5 27. a5 b5 28. Nb4 h4 29. Bh2 Rd7 30. Rd2 Rfd8 31. Rad1 Qe6 32. Qg4 Qxg4 33. hxg4 Kf7 34. Kf1 Ke6 35. Ke2 Bf8 36. Nc2 Bg7 37. Nb4 Bf8 38. Nc2 Bg7 39. Rh1 Rf8 40. g3 h3 41. Bg1 Rh8 42. Rh2 Rf7 43. Nb4 Bf8 44. Nc2 Bg7 45. Nb4 Bf8 46. Nc2 Bc5 47. Ke1 Ke5 48. Ke2 Bc8 49. Ke1 Bxg4 50. Nb4 Bxb4 51. cxb4 Bf3 52. Rc2 g4 53. Rc3 d4 54. exd4+ Kxd4 55. Re3 Rd7 56. Rc3 Rhd8 0-1

[Event "DEN-chT 2223 60th"]
[Site "Denmark"]
[Date "2023.01.15"]
[Round "6.2"]
[White "Larsen, Karsten"]
[Black "Sahl, Bjarke"]
[Result "1/2-1/2"]
[WhiteElo "2241"]
[BlackElo "2247"]
[PlyCount "84"]
[EventDate "2022.10.29"]
[EventType "team-tourn"]
[EventRounds "9"]
[EventCountry "DEN"]
[SourceTitle "CBM 213 Extra"]
[Source "ChessBase"]
[SourceDate "2023.05.31"]
[SourceVersion "1"]
[SourceVersionDate "2023.05.31"]
[SourceQuality "1"]
[WhiteTeam "Obro"]
[BlackTeam "BMS"]
[WhiteTeamCountry "DEN"]
[BlackTeamCountry "DEN"]

1. e4 e5 2. Nf3 Nc6 3. Bb5 a6 4. Ba4 Nf6 5. 0-0 Be7 6. Bxc6 dxc6 7. Qe1 0-0 8. d3 Nd7 9. Nbd2 Re8 10. Nc4 Bf6 11. Bd2 Nf8 12. Bc3 Ng6 13. Qe3 h6 14. Rfe1 Bg5 15. Nxg5 Qxg5 16. Qxg5 hxg5 17. d4 exd4 18. Bxd4 Be6 19. Ne3 Rad8 20. Bc3 f6 21. f3 Kf7 22. Kf2 c5 23. a3 Ne7 24. Rad1 Nc6 25. Rxd8 Rxd8 26. Rd1 Rxd1 27. Nxd1 a5 28. Ne3 a4 29. Bd2 b5 30. Ke1 Ke7 31. Kd1 Kd6 32. Be1 Nd4 33. h4 gxh4 34. Bxh4 b4 35. Kc1 Nb5 36. Bg3+ Kd7 37. Nd1 Bc4 38. Ne3 Be6 39. Nd1 Bc4 40. Ne3 bxa3 41. bxa3 Be6 42. Kb2 Nd4 1/2-1/2

[Event "Rilton Cup 50th"]
[Site "Stockholm"]
[Date "2022.12.29"]
[Round "3"]
[White "Wagh, Suyog"]
[Black "Larsen, Karsten"]
[Result "1-0"]
[WhiteElo "2376"]
[BlackElo "2248"]
[PlyCount "89"]
[EventDate "2022.12.27"]
[EventType "swiss"]
[EventRounds "9"]
[EventCountry "SWE"]
[SourceTitle "CBM 212 Extra"]
[Source "ChessBase"]
[SourceDate "2023.03.31"]
[SourceVersion "1"]
[SourceVersionDate "2023.03.31"]
[SourceQuality "1"]

1. d4 d5 2. c4 e6 3. Nf3 Nf6 4. g3 Nc6 5. Bg2 dxc4 6. Qa4 Nd7 7. Qxc4 Nb6 8. Qb5 Bd7 9. Qd3 Bd6 10. Nc3 0-0 11. 0-0 h6 12. e4 e5 13. dxe5 Nxe5 14. Nxe5 Bxe5 15. f4 Bd6 16. Be3 Bc6 17. Rad1 Bb4 18. e5 Qxd3 19. Rxd3 Bxg2 20. Kxg2 Bxc3 21. bxc3 Rfd8 22. Rfd1 Rxd3 23. Rxd3 Kf8 24. Kf3 Ke8 25. Ke4 Nc4 26. Bc1 Rd8 27. Rd4 Na5 28. g4 Nc6 29. Rxd8+ Nxd8 30. f5 Nc6 31. h4 Kf8 32. Be3 a6 33. Bc5+ Ke8 34. h5 Nd8 35. g5 hxg5 36. f6 gxf6 37. exf6 Ne6 38. h6 Nf4 39. h7 Ng6 40. Kf5 Kd7 41. Kxg5 Ke6 42. Be7 b5 43. Kh6 c5 44. Kg7 b4 45. c4 1-0

[Event "DEN-chT 2223 60th"]
[Site "Denmark"]
[Date "2022.10.29"]
[Round "1.4"]
[White "Larsen, Karsten"]
[Black "Pedersen, Nicolai Vesterbaek"]
[Result "1/2-1/2"]
[WhiteElo "2241"]
[BlackElo "2367"]
[PlyCount "135"]
[EventDate "2022.10.29"]
[EventType "team-tourn"]
[EventRounds "9"]
[EventCountry "DEN"]
[SourceTitle "EXT 2024"]
[Source "ChessBase"]
[SourceDate "2023.10.10"]
[SourceVersion "1"]
[SourceVersionDate "2023.10.10"]
[SourceQuality "1"]
[WhiteTeam "Obro"]
[BlackTeam "Skanderborg Nordea"]
[WhiteTeamCountry "DEN"]
[BlackTeamCountry "DEN"]

1. e4 c5 2. Nf3 d6 3. Bb5+ Nd7 4. c3 Ngf6 5. Qe2 a6 6. Ba4 b5 7. Bc2 g6 8. d4 e5 9. d5 Bg7 10. a4 Rb8 11. b3 0-0 12. axb5 axb5 13. Nbd2 Nh5 14. g3 Ndf6 15. Nf1 b4 16. c4 Nxe4 17. Bxe4 f5 18. Ra7 fxe4 19. Ng5 Nf6 20. Ne3 Qb6 21. Ra2 h6 22. Ne6 Bxe6 23. dxe6 Qc6 24. 0-0 Rbe8 25. Bd2 Rxe6 26. Rfa1 Qe8 27. Ra6 Qf7 28. Rc6 h5 29. Raa6 Qd7 30. Nd1 Rfe8 31. Bg5 d5 32. Rxe6 Rxe6 33. Ra8+ Re8 34. Rxe8+ Nxe8 35. cxd5 Qxd5 36. Ne3 Qxb3 37. Qb5 Qe6 38. Qxc5 Bf8 39. Qb5 b3 40. Nd5 b2 41. Nc3 Nd6 42. Qxb2 Qc4 43. Nd1 Nf7 44. Be3 Bb4 45. Qc1 Qe2 46. h4 Kg7 47. Nc3 Qd3 48. Na2 Ba3 49. Qd2 Nd6 50. Nc1 Bxc1 51. Qxc1 Nc4 52. Bh6+ Kf7 53. Qa1 Qa3 54. Qb1 Nd6 55. Qb8 Nf5 56. Qc7+ Qe7 57. Qc4+ Qe6 58. Qc7+ Kg8 59. Qb8+ Kh7 60. Bg5 Nd6 61. Qc7+ Nf7 62. Qb7 Qf5 63. Qe7 Kg7 64. Qc7 Qe6 65. Qb7 Qf5 66. Qe7 Qf3 67. Qd7 Qf5 68. Qe7 1/2-1/2

[Event "DEN-chT 2122 59th"]
[Site "Denmark"]
[Date "2022.03.20"]
[Round "9.1"]
[White "Hoi, Carsten"]
[Black "Larsen, Karsten"]
[Result "1/2-1/2"]
[WhiteElo "2348"]
[BlackElo "2252"]
[PlyCount "35"]
[EventDate "2021.10.30"]
[EventType "team-tourn"]
[EventRounds "9"]
[EventCountry "DEN"]
[SourceTitle "EXT 2023"]
[Source "ChessBase"]
[SourceDate "2022.10.05"]
[SourceVersion "1"]
[SourceVersionDate "2022.10.05"]
[SourceQuality "1"]
[WhiteTeam "Bronshoj"]
[BlackTeam "Obro"]
[WhiteTeamCountry "DEN"]
[BlackTeamCountry "DEN"]

1. c4 e5 2. e3 Nf6 3. d4 Bb4+ 4. Nc3 0-0 5. dxe5 Ne4 6. Qc2 Nxc3 7. bxc3 Bc5 8. Nf3 Nc6 9. h4 d6 10. Ng5 g6 11. exd6 Bxd6 12. Bd2 Ba3 13. Be2 Qe7 14. Qe4 Qf6 15. Qf3 Qe7 16. Qe4 Qf6 17. Qf3 Qe7 18. Qe4 1/2-1/2

[Event "Copenhagen Obro 85th Anniv"]
[Site "Copenhagen"]
[Date "2021.10.22"]
[Round "7"]
[White "Brondt, Nicolai Kvist"]
[Black "Larsen, Karsten"]
[Result "1/2-1/2"]
[WhiteElo "2217"]
[BlackElo "2252"]
[PlyCount "118"]
[EventDate "2021.10.18"]
[EventType "swiss"]
[EventRounds "9"]
[EventCountry "DEN"]
[SourceTitle "CBM 204 Extra"]
[Source "ChessBase"]
[SourceDate "2021.11.30"]
[SourceVersion "1"]
[SourceVersionDate "2021.11.30"]
[SourceQuality "1"]

1. d4 Nf6 2. c4 e6 3. Nc3 Bb4 4. e3 0-0 5. Bd3 d5 6. Nge2 dxc4 7. Bxc4 e5 8. 0-0 Nc6 9. d5 Ne7 10. a3 Bd6 11. Qc2 a6 12. Ng3 Ng6 13. Rd1 Re8 14. Bd3 Bd7 15. Nge4 Nxe4 16. Nxe4 Bf8 17. Bd2 b6 18. Ng3 a5 19. Rac1 Bd6 20. Bf5 Bb5 21. Qb3 Ba6 22. Ne4 Bf8 23. Be1 Ne7 24. Bh3 Nc8 25. Qc2 Ra7 26. Qa4 Nd6 27. Nxd6 Bxd6 28. Bd7 Re7 29. Bc6 e4 30. Bc3 f5 31. Qc2 Rf7 32. f4 exf3 33. gxf3 Qg5+ 34. Qg2 Qxe3+ 35. Kh1 h6 36. Re1 Qg5 37. Qxg5 hxg5 38. Bd4 Bb7 39. Re8+ Rf8 40. Rce1 Bxc6 41. dxc6 Ra8 42. R8e6 Bf4 43. Be5 Rae8 44. Bxf4 Rxe6 45. Rxe6 gxf4 46. Re7 Rf7 47. Re8+ Kh7 48. Re6 Kg8 49. Re8+ Kh7 50. Re6 a4 51. Kg2 Kg8 52. Re8+ Kh7 53. Re6 Rf6 54. Rxf6 gxf6 55. Kf2 Kg6 56. Ke2 Kh5 57. Ke1 Kg6 58. Kd2 Kh5 59. Ke1 Kh4 1/2-1/2

[Event "Copenhagen Obro 85th Anniv"]
[Site "Copenhagen"]
[Date "2021.10.19"]
[Round "4"]
[White "Nielsen, Viktor Haarmark"]
[Black "Larsen, Karsten"]
[Result "1/2-1/2"]
[WhiteElo "2296"]
[BlackElo "2252"]
[PlyCount "126"]
[EventDate "2021.10.18"]
[EventType "swiss"]
[EventRounds "9"]
[EventCountry "DEN"]
[SourceTitle "CBM 204 Extra"]
[Source "ChessBase"]
[SourceDate "2021.11.30"]
[SourceVersion "1"]
[SourceVersionDate "2021.11.30"]
[SourceQuality "1"]

1. e4 e5 2. Nf3 Nc6 3. Bb5 a6 4. Ba4 Nf6 5. 0-0 b5 6. Bb3 Bc5 7. a4 Rb8 8. c3 d6 9. d4 Bb6 10. a5 Ba7 11. h3 0-0 12. Be3 Ra8 13. Nbd2 Bb7 14. Re1 h6 15. Nf1 Re8 16. d5 Ne7 17. Ng3 c6 18. dxc6 Bxc6 19. Qd2 Bxe3 20. Qxe3 Qc7 21. Nd2 Rad8 22. c4 b4 23. Ba4 Nd7 24. Bxc6 Qxc6 25. b3 Nc5 26. Nh5 Ne6 27. Nf1 Rf8 28. Nfg3 f5 29. exf5 Nxf5 30. Nxf5 Rxf5 31. Ng3 Rf4 32. Rad1 Nd4 33. Rxd4 Rxd4 34. Nf5 Qc5 35. Nxd4 exd4 36. Qg3 Rf8 37. Re6 d3 38. Qxd3 Qxf2+ 39. Kh1 Rd8 40. Qd5 Kh8 41. Qe4 Qb2 42. Kh2 Qa1 43. Qf4 Qxa5 44. Rxd6 Re8 45. Rd5 Qa2 46. Qf7 Rg8 47. Qf3 a5 48. Rb5 Rc8 49. Qf5 Re8 50. Qg6 Rf8 51. Rb7 Rg8 52. Qg3 Qb2 53. Ra7 Qa2 54. c5 Qc2 55. Rxa5 Rc8 56. Qe3 Kh7 57. Rb5 Qc3 58. Qe4+ Kh8 59. Qxb4 Qe5+ 60. Kg1 Qa1+ 61. Kh2 Qe5+ 62. Kg1 Qa1+ 63. Kh2 Qe5+ 1/2-1/2

[Event "Copenhagen Obro 85th Anniv"]
[Site "Copenhagen"]
[Date "2021.10.18"]
[Round "2"]
[White "Larsen, Karsten"]
[Black "Yankelevich, Lev"]
[Result "1/2-1/2"]
[WhiteElo "2252"]
[BlackElo "2432"]
[PlyCount "21"]
[EventDate "2021.10.18"]
[EventType "swiss"]
[EventRounds "9"]
[EventCountry "DEN"]
[SourceTitle "CBM 204 Extra"]
[Source "ChessBase"]
[SourceDate "2021.11.30"]
[SourceVersion "1"]
[SourceVersionDate "2021.11.30"]
[SourceQuality "1"]

1. e4 e6 2. d3 d5 3. Nd2 Nc6 4. Ngf3 e5 5. Be2 Nf6 6. 0-0 Bd6 7. Re1 0-0 8. Bf1 Re8 9. c3 Bf8 10. a4 a5 11. Qb3 1/2-1/2

[Event "DEN Club Cup"]
[Site "Koge"]
[Date "2021.06.27"]
[Round "5.4"]
[White "Larsen, Karsten"]
[Black "Smith, Axel"]
[Result "0-1"]
[WhiteElo "2244"]
[BlackElo "2449"]
[PlyCount "180"]
[EventDate "2021.06.25"]
[EventType "team-tourn"]
[EventRounds "5"]
[EventCountry "DEN"]
[SourceTitle "EXT 2023"]
[Source "ChessBase"]
[SourceDate "2022.10.05"]
[SourceVersion "1"]
[SourceVersionDate "2022.10.05"]
[SourceQuality "1"]
[WhiteTeam "Obro"]
[BlackTeam "Koge Xtracon"]
[WhiteTeamCountry "DEN"]
[BlackTeamCountry "DEN"]

1. Nf3 c5 2. c4 Nc6 3. g3 g6 4. Bg2 Bg7 5. 0-0 d6 6. Nc3 Bf5 7. d3 Qd7 8. Nd5 Nf6 9. Nh4 Bg4 10. f3 Be6 11. Nf4 d5 12. Nxe6 Qxe6 13. b3 dxc4 14. bxc4 Ne4 15. fxe4 Bxa1 16. Bh6 Bf6 17. Nf3 Ne5 18. Ng5 Bxg5 19. Bxg5 h5 20. Qb3 b6 21. Qb2 f6 22. Bf4 Rd8 23. a4 Qd6 24. Kh1 Qd4 25. Qb5+ Qd7 26. Qb2 Qd4 27. Qb5+ Qd7 28. Qb2 0-0 29. Qa1 Qd4 30. Qc1 Qd7 31. Qa1 Kh7 32. h3 Qd4 33. Qc1 Qd7 34. Qa1 Qd4 35. Qc1 Qd6 36. Qe1 Kg7 37. Qc1 g5 38. Be3 Ng6 39. Qe1 h4 40. g4 e5 41. Bd2 Nf4 42. Bc3 Qd7 43. Qd1 a6 44. Re1 b5 45. axb5 axb5 46. cxb5 Qxb5 47. Qc2 Rb8 48. Bf1 Qb3 49. Qc1 Rfd8 50. Rd1 Ne6 51. e3 Qb7 52. Bg2 Rd6 53. Ba1 Rbd8 54. Qc2 R8d7 55. Kh2 Qb6 56. Bf1 Rb7 57. Rc1 Qb3 58. Qf2 Ra7 59. Kg1 Ra2 60. Qf5 Qb6 61. Bc3 Nf8 62. Ba1 Ng6 63. Qc8 Qc6 64. Qb8 Qb6 65. Qc8 Rd8 66. Qf5 Qa5 67. Bc3 Qa7 68. Qe6 Ra6 69. Qc4 Ra4 70. Qe6 Qd7 71. Qb6 Qd6 72. Qb3 Raa8 73. Qc4 Kh6 74. Qf7 Rd7 75. Qb3 Rc7 76. Qc4 Rca7 77. Qb5 Ne7 78. Qc4 Ng6 79. Qb5 Rb8 80. Qc4 Rab7 81. Ra1 Rb1 82. Ra7 R8b7 83. Ra6 R7b6 84. Ra7 Rb7 85. Ra6 R1b6 86. Ra8 Rd7 87. Qa2 c4 88. Qxc4 Rc7 89. Qg8 Rxc3 90. Rd8 Qe6 0-1

[Event "Hillerod 100th Ann op"]
[Site "Hillerod"]
[Date "2020.02.10"]
[Round "4"]
[White "Brondal, Paul"]
[Black "Larsen, Karsten"]
[Result "1/2-1/2"]
[WhiteElo "2074"]
[BlackElo "2235"]
[PlyCount "52"]
[EventDate "2020.02.08"]
[EventType "swiss"]
[EventRounds "9"]
[EventCountry "DEN"]
[SourceTitle "CBM 194 Extra"]
[Source "ChessBase"]
[SourceDate "2020.03.31"]
[SourceVersion "1"]
[SourceVersionDate "2020.03.31"]
[SourceQuality "1"]

1. e4 e5 2. Nf3 Nc6 3. d4 exd4 4. Nxd4 Bc5 5. Nxc6 Qf6 6. Qf3 bxc6 7. Nd2 d6 8. Nb3 Bb6 9. a4 a5 10. Bd2 Qxf3 11. gxf3 Ne7 12. Rg1 0-0 13. Be3 f5 14. Bxb6 cxb6 15. 0-0-0 fxe4 16. Rxd6 g6 17. fxe4 Rxf2 18. Bc4+ Kg7 19. Rd8 Ra7 20. Re8 Rf4 21. Rf1 Rxf1+ 22. Bxf1 Kf7 23. Rh8 Kg7 24. Re8 Kf7 25. Rh8 Kg7 26. Re8 Kf7 1/2-1/2

[Event "Rilton Cup 49th"]
[Site "Stockholm"]
[Date "2020.01.05"]
[Round "9"]
[White "Larsen, Karsten"]
[Black "Tanmay, Jain"]
[Result "1-0"]
[WhiteElo "2278"]
[BlackElo "2193"]
[PlyCount "103"]
[EventDate "2019.12.27"]
[EventType "swiss"]
[EventRounds "9"]
[EventCountry "SWE"]
[SourceTitle "EXT 2021"]
[Source "ChessBase"]
[SourceDate "2020.10.23"]
[SourceVersion "1"]
[SourceVersionDate "2020.10.23"]
[SourceQuality "1"]

1. Nf3 d5 2. d4 Nf6 3. e3 e6 4. Bd3 Be7 5. 0-0 0-0 6. b3 c5 7. Bb2 b6 8. Nbd2 Bb7 9. Qe2 Nc6 10. c4 Rc8 11. Rac1 Bd6 12. Rfd1 Qe7 13. e4 dxe4 14. Nxe4 Nxe4 15. Bxe4 cxd4 16. Nxd4 Nxd4 17. Rxd4 Be5 18. Bxh7+ Kxh7 19. Qh5+ Kg8 20. Qxe5 Rc5 21. Qxg7+ Kxg7 22. Rd7+ Kg6 23. Rxe7 Rb8 24. f3 Rg5 25. Kf2 a6 26. Rd1 Bc6 27. Rc7 Be8 28. Rd6 Ra5 29. a3 Rc5 30. Ra7 b5 31. Bd4 Rcc8 32. c5 b4 33. Raxa6 bxa3 34. Rxa3 Bc6 35. Bc3 Bd5 36. b4 Rb7 37. Ke3 Kh7 38. g4 Re7 39. Kf4 Rb7 40. h4 Re7 41. h5 Rb7 42. Bd2 Rbc7 43. Kg3 Rb7 44. Kh4 Rbc7 45. Kg3 Rb7 46. Ra1 Rbc7 47. Kf4 Rb7 48. Bc3 Rbc7 49. g5 Rb7 50. Rda6 Rbc7 51. Rg1 Rb7 52. Rg3 1-0

[Event "Rilton Cup 49th"]
[Site "Stockholm"]
[Date "2020.01.03"]
[Round "7"]
[White "Larsen, Karsten"]
[Black "Sahajasri, Cholleti"]
[Result "0-1"]
[WhiteElo "2278"]
[BlackElo "2216"]
[PlyCount "120"]
[EventDate "2019.12.27"]
[EventType "swiss"]
[EventRounds "9"]
[EventCountry "SWE"]
[SourceTitle "CBM 194 Extra"]
[Source "ChessBase"]
[SourceDate "2020.03.31"]
[SourceVersion "1"]
[SourceVersionDate "2020.03.31"]
[SourceQuality "1"]

1. d4 Nf6 2. g3 e6 3. Bg2 d5 4. Nf3 b5 5. 0-0 Bb7 6. a4 b4 7. Ne5 c5 8. c4 bxc3 9. bxc3 Nbd7 10. c4 Rc8 11. Ba3 Be7 12. Nxd7 Qxd7 13. cxd5 Bxd5 14. dxc5 Bxg2 15. Qxd7+ Nxd7 16. Kxg2 Bxc5 17. Nd2 Ke7 18. Nf3 f6 19. Rfd1 e5 20. Rdb1 Rb8 21. Rb5 Bxa3 22. Rxa3 Rhc8 23. Rab3 a6 24. R5b4 Rxb4 25. Rxb4 Rc2 26. Kf1 Ra2 27. Rc4 Kd6 28. Ne1 Ra1 29. f4 Nb6 30. fxe5+ fxe5 31. Rb4 Nd5 32. Rb7 Ne3+ 33. Kf2 Ng4+ 34. Kf3 Nxh2+ 35. Kf2 Ng4+ 36. Kf3 Nf6 37. Nc2 Rxa4 38. Rxg7 Rc4 39. Ne3 Ra4 40. Kf2 Ke6 41. g4 Ne4+ 42. Kf3 Kf6 43. Ra7 Ng5+ 44. Kf2 Nh3+ 45. Kf3 Ra3 46. Rb7 a5 47. Rb6+ Ke7 48. Rh6 Ng5+ 49. Kf2 Ne4+ 50. Kf3 Nf6 51. Rh3 Nd5 52. Rxh7+ Kf6 53. Ke4 Nxe3 54. g5+ Kg6 55. Rh8 Ng4 56. Rg8+ Kf7 57. Ra8 Ra4+ 58. Kf3 Rf4+ 59. Kg3 a4 60. Ra6 Ne3 0-1

[Event "Rilton Cup 49th"]
[Site "Stockholm"]
[Date "2019.12.29"]
[Round "3"]
[White "Larsen, Karsten"]
[Black "Oratovsky, Michael"]
[Result "0-1"]
[WhiteElo "2278"]
[BlackElo "2423"]
[PlyCount "64"]
[EventDate "2019.12.27"]
[EventType "swiss"]
[EventRounds "9"]
[EventCountry "SWE"]
[SourceTitle "CBM 194 Extra"]
[Source "ChessBase"]
[SourceDate "2020.03.31"]
[SourceVersion "1"]
[SourceVersionDate "2020.03.31"]
[SourceQuality "1"]

1. Nf3 d6 2. d4 Nf6 3. g3 g6 4. Bg2 Bg7 5. 0-0 0-0 6. Re1 Nbd7 7. e4 e5 8. c3 b6 9. Nbd2 Bb7 10. Qc2 Re8 11. d5 c6 12. dxc6 Bxc6 13. Nb3 h6 14. Bd2 Qc7 15. Rad1 a5 16. Bc1 b5 17. h3 d5 18. exd5 Bxd5 19. Nh4 Bxg2 20. Nxg2 b4 21. c4 a4 22. Nd2 Nc5 23. Nf3 e4 24. Nd4 Nd3 25. Re2 Qd7 26. Nb5 Qxh3 27. Rxe4 Rxe4 28. Qxd3 Ng4 29. Qxe4 Qh2+ 30. Kf1 Qh1+ 31. Ke2 Qxd1+ 32. Kxd1 Nxf2+ 0-1